01671nam a2200445 i 450000100060000000300080000600500170001400600190003100700150005000800410006502000180010602000280012403500220015204000310017405000210020508000100022608200140023610000190025024500700026926400470033930000520038633600310043833700330046933800430050249000490054550000230059450400290061758800830064659001620072965000370089165000400092865000260096865000290099465000270102365500270105079700180107783000500109585600630114599900170120841307FINmELB20241216221941.0m o d | cr cnu||||||||170521s2015 ag ob 001 0 spa d z9789506418526 a9789506418564q(e-book) a(OCoLC)1009095829 aFINmELBbspaerdacFINmELB 4aBF511bC198 2015 a159.90 a152.42231 aCampos, Jaume.10aEducación emocional :bel principio del cambio /cJaume Campos. 1aBuenos Aires :bEdiciones Granica,c[2015] a1 recurso en línea (99 páginas sin numerar) atextobtxt2rdacontent/spa acomputadorabc2rdamedia/spa arecurso en líneabcr2rdacarrier/spa1 aGuía práctica para el autodescubrimiento aContiene índice. aContiene bibliografía. aDescripción basada en metadatos suministrados por el editor y otras fuentes. aRecurso electrónico. Santa Fe, Arg.: elibro, 2020. Disponible vía World Wide Web. El acceso puede estar limitado para las bibliotecas afiliadas a elibro. 0aEmotionsxPsychological aspects. 4aEmocionesxAspectos psicológicos. 0aSelf-help techniques. 4aTécnicas de autoayuda. 4aEducación emocional. 4aLibros electrónicos.2 aelibro, Corp. 0aGuía práctica para el autodescubrimiento.40uhttps://elibro.net/ereader/politecnicointernacional/113868 c41307d41307